Library Logo

Pioneer International University Library Catalogue

CHEMISTRY: (Record no. 9967)

MARC details
000 -LEADER
fixed length control field 00445nam a22001577a 4500
003 - CONTROL NUMBER IDENTIFIER
control field OSt
005 - DATE AND TIME OF LATEST TRANSACTION
control field 20260213083014.0
008 - FIXED-LENGTH DATA ELEMENTS--GENERAL INFORMATION
fixed length control field 260213b |||||||| |||| 00| 0 eng d
020 ## - INTERNATIONAL STANDARD BOOK NUMBER
International Standard Book Number 0078458137
040 ## - CATALOGING SOURCE
Transcribing agency McGraw- Hill education
050 ## - LIBRARY OF CONGRESS CALL NUMBER
Classification number QD 31.3 .P45 2002
Item number .P45 2002
245 ## - TITLE STATEMENT
Title CHEMISTRY:
Remainder of title CONCEPTS AND APPLICATIONS/
Statement of responsibility, etc. JOHN S. PHILIPS
250 ## - EDITION STATEMENT
Edition statement 1st edition
260 ## - PUBLICATION, DISTRIBUTION, ETC.
Place of publication, distribution, etc. Columbus:
Name of publisher, distributor, etc. McGraw-Hill ,
Date of publication, distribution, etc. 2002
942 ## - ADDED ENTRY ELEMENTS (KOHA)
Source of classification or shelving scheme Library of Congress Classification
Koha item type Books
Edition 1st ed.
Suppress in OPAC No

No items available.